| 000 | 00361pab a2200145 454500 | ||
|---|---|---|---|
| 008 | 180718b2002 xxu||||| |||| 00| 0 eng d | ||
| 100 | _aRoy, Samaren | ||
| 245 | _aBritish Chicanery against M.N. Roy: the story of a forged letter | ||
| 260 | _c2002 | ||
| 300 | _ap.23-25. | ||
| 362 | _a23 Mar | ||
| 650 | _aRoy, M.N. | ||
| 773 | _aMainstream | ||
| 909 | _a51795 | ||
| 999 |
_c51795 _d51795 |
||